| 000 | 00423nam a22001697a 4500 | ||
|---|---|---|---|
| 999 |
_c3685 _d3685 |
||
| 003 | GBCCL | ||
| 005 | 20241126110500.0 | ||
| 008 | 171201b xxu||||| |||| 00| 0 eng d | ||
| 040 | _cgbc | ||
| 082 |
_aVER 234 _bKHU |
||
| 100 |
_aKhupzatun, T. _97302 |
||
| 245 |
_aHotdamna Kalbi Thumte / _cT. Khupzatun |
||
| 260 |
_aBangalore: _bAuthor, _c2014 |
||
| 300 |
_a87p.; _c23 cm. |
||
| 650 |
_aSalvation _9452 |
||
| 942 |
_2ddc _cBK _011 |
||